| 000 | 01106nam a2200301 4500 | ||
|---|---|---|---|
| 003 | EC-UNACH | ||
| 005 | 20251030175032.0 | ||
| 006 | s||||gr|||| 00| 00 | ||
| 008 | 150116t9999 mx r gr 000 0 spa d | ||
| 020 | _a978-950-518-661-7 | ||
| 040 |
_aEC-UNACH _cEC-UNACH |
||
| 041 | _aspa | ||
| 082 | 0 | 4 |
_223 _a302.2 _bL007119 |
| 110 | _aAmorrortu / editores | ||
| 245 | _aLa moral de los medios de comunicación sobre el nacimiento de la polis de los medios | ||
| 250 | _aPrimera edición | ||
| 264 |
_aArgentina _bAmorrortu / editores _c2010 |
||
| 300 | _a287 | ||
| 505 | _aLa moral y los medios La polis de los medios o el espacio de aparición La retórica del mal Culturas en contrapunto La polis de los medios y la vida cotidiana Hospitalidad y justicia La regulación de los medios y la alfabetización mediática | ||
| 650 | _aLa moral | ||
| 650 | _aLa retorica del mal | ||
| 650 | _aHostilidad y Justicia | ||
| 700 | _aRoger Silverstone | ||
| 942 |
_2ddc _c1 |
||
| 999 | _c14130 | ||